Investigación-acción participativa en la praxis pedagógica diaria

שמור ב:
מידע ביבליוגרפי
מחבר ראשי: Teppa, Sonia (Author)
פורמט: ספר
שפה:ספרדית
יצא לאור: Caracas Barquisimeto 2006
נושאים:
תגים: הוספת תג
אין תגיות, היה/י הראשונ/ה לתייג את הרשומה!

MARC

LEADER 00000nam a2200000 a 4500
001 UCI4233
003 CL-VaPUC
008 080104e20060000VE |||||||||||||||||spa|d
020 |a 9802811092 
082 0 4 |a 371.1007  |b TEP  |2 21 
100 0 |a Teppa, Sonia  |e author  |9 526029 
245 1 0 |a Investigación-acción participativa en la praxis pedagógica diaria 
300 |a 113 p 
942 |c BK 
945 |d 20080104 00:00:00  |a rbrito 
260 |a Caracas  |b Barquisimeto  |c 2006 
650 0 |a Profesores   |9 308968 
650 0 |a Práctica profesional  |9 358078 
650 0 |a Formación profesional de profesores  |9 307493 
650 7 |a PRAXIS EDUCATIVA  |2 CL-VaPUC  |9 526030 
650 7 |a PARTICIPACION DEL DOCENTE  |2 CL-VaPUC  |9 526031 
650 0 |a Investigación educacional   |9 261192 
650 0 |a Calidad de la educación   |9 307271 
583 |a last modification  |c 20080104 00:00:00  |k Rodrigo Vera 
999 |c 328203  |d 328201 
952 |0 0  |1 0  |4 0  |6 371_100700000000000_TEP_2006  |7 0  |8 A  |9 411999  |a BIBEDU  |b BIBEDU  |d 2019-11-22  |i 4399439  |o 371.1007 TEP 2006  |p 4399439  |r 2019-11-22  |w 2019-11-22  |y BK  |k EDU